000 01002cam a2200289 a 4500
003 OSt
005 20260205144755.0
008 260205b |||||||| |||| 00| 0 eng d
010 _a 94049595
020 _a0691029741
020 _a0691027757
020 _a9780691029740
_q(cloth : alk. paper)
040 _aKABLIB
_cKABLIB
_erda
082 0 0 _a338.9
_223
_bHAG
100 1 _aHaggard, Stephan.
_915395
245 1 4 _aThe Political economy of democratic transitions /
_cStephan Haggard , Robert R. Kaufman.
260 _aPrinceton :
_bPrinceton University Press ,
_cc1995.
300 _axiv, 391 p. ;
_c24 cm
504 _aIncludes index.
650 0 _aDemocracy
_xEconomic aspects.
_915157
650 0 _aAuthoritarianism
_xEconomic aspects.
_915396
650 0 _aEconomic policy.
_96666
650 0 _aEconomic policy
_xCross-cultural studies.
_915397
700 1 _aKaufman, Robert R.
_915398
856 4 1 _3Table of contents
_uhttp://www.loc.gov/catdir/toc/prin031/94049595.html
942 _2ddc
_cBOOK
999 _c6070
_d6070